| 000 | 00517nmm a2200169Ia 4500 | ||
|---|---|---|---|
| 008 | 251105s9999||||xx |||||||||||||||||und|| | ||
| 020 | _a9789587711592 | ||
| 041 | _aspa | ||
| 100 | _aIzaguirre, Manuel | ||
| 245 | 0 | _aGestión y marketing de servicios turísticos y hoteleros | |
| 264 |
_a[Bogotá, Colombia] : _bEcoe Ediciones, _c2014 |
||
| 300 | _a182 páginas | ||
| 490 | _aCiencias empresariales | ||
| 650 | _aEconomics and Business | ||
| 856 | _uhttps://public.digitaliapublishing.com/a/47114 | ||
| 942 | _cCF | ||
| 999 |
_c96162 _d96162 |
||